000 00647nam a2200193Ia 4500
008 210417s9999 xx 000 0 und d
020 _a9781138501157
020 _b1138501158
082 _a338.43 TUV
082 _b22.338.43 TUV
245 0 _aOptimal pricing and investment in electricity supply; an essay in applied welfare economics
245 0 _cOptimal pricing and investment in electricity supply an essay in applied welfare economics
250 _b"xi, 124 p. : ill. ; 23 cm., hbk."
260 _aLondon
260 _bRoutledge Taylor and francis group
260 _c2018
700 _a"Turvey, Ralph "
700 _bRalph Turvey
999 _c484995
_d484995